00375nam a22001217a 4500008004100000020001800041050001600059100003900075245007100114260002900185300001800214650002100232180605b20151985mx ||||| |||| 00| 0 spa d a9786070729164 aPQ8180bG37 aGarcía Márquez, Gabrieleautor aEl amor en los tiempos del cólerac / Gabriel García Márquez aMéxicob : Dianac2015 a461 páginas 0aNOVELAxCOLOMBIA